000 00571cam a22001933a 4500
001 45638
003 PGUSA
005 20140828084045.0
008 140512s2014||||xxu|||||s|||||000 | eng d
040 _aPGUSA
_beng
042 _adc
245 1 0 _aGli albori della vita Italiana :
_bConferenze tenute a Firenze nel 1890
_h[electronic resource] /
_cVarious
260 _bProject Gutenberg,
_c2014
506 _aPublic domain in the USA.
516 _aElectronic text
830 0 _aProject Gutenberg
_v45638
856 4 0 _uhttp://www.gutenberg.org/ebooks/45638
942 _cEB
999 _c274888
_d274888